Hlavní výzvy reformy rozpočtu EU: postoje členských států a institucí EU včetně pravděpodobných scénářu vývoje

Reforma rozpočtu v ekonomickej literatúre. Pozície krajín Európske únie. Postoje inštitúcií EÚ. Hlavné výzvy reformy rozpočtu EÚ a pravdepodobnostné scénare vývoja.

Salvato in:
Dettagli Bibliografici
Autore principale: Cupalová, Marcela
Natura: Capitolo di libro
Lingua:ceco
Soggetti:
Tags: Aggiungi Tag
Nessun Tag, puoi essere il primo ad aggiungerne!!

MARC

LEADER 00000naa a2200000 4500
001 0123814
005 20231127115722.1
041 0 |a cze 
044 |a CZ 
245 1 0 |a Hlavní výzvy reformy rozpočtu EU: postoje členských států a institucí EU včetně pravděpodobných scénářu vývoje  |c Marcela Cupalová 
520 |a Reforma rozpočtu v ekonomickej literatúre. Pozície krajín Európske únie. Postoje inštitúcií EÚ. Hlavné výzvy reformy rozpočtu EÚ a pravdepodobnostné scénare vývoja. 
610 2 0 |a rozpočet spoločný 
610 2 0 |a reformy štruktúrne 
610 2 0 |a Európska únia 
610 2 0 |a politika kohézna 
610 2 0 |a financie verejné 
610 2 0 |a Európska komisia 
610 2 0 |a Európsky parlament 
100 1 |a Cupalová, Marcela